Представление документа в формате MARC21

Поле Инд. ПП Название Значение
Тип записи a
Библиографический уровень b
001 Контрольный номер RU/IS/BASE/383841282
005 Дата корректировки 20200630193258.6
008 Кодируемые данные 20120229
084 a Индекс другой классификации/Индекс ББК 60.8(2Рос)
100 1_ a Автор Ладыгин В. В.
q Полное имя Ладыгин Владимир Викторович
245 a Заглавие Вопросы эффективности современных методов стимулирования государственных служащих
500 a Примечание Аннотация статьи на английском языке: с. 189
504 a Библиография Лит. в конце статьи. - Примеч.
520 a Аннотация Предпринята попытка обозначить связь между моделями государственной службы и эффективными методами стимулирования работы государственных служащих. Использование основных элементов институциональной теории позволяет сделать вывод о том, что развитие отечественной государственной гражданской службы по моделям NPM (оплата по результатам и др. "корпоративные" методы) практически не учитывает не только позитивные экстерналии формирования неформальных отношений, но и оставляет вне поля зрения их историческую и социокультурную роль в рамках страны.
650 a Основная рубрика социальное управление
653 a Ключевые слова государственная служба
a Ключевые слова государственное управление
a Ключевые слова государственные гражданские служащие
a Ключевые слова государственные служащие
a Ключевые слова государственные услуги
a Ключевые слова гражданские служащие
a Ключевые слова институциональная экономика
a Ключевые слова коллективное стимулирование
a Ключевые слова методы стимулирования
a Ключевые слова модели бюрократии
a Ключевые слова нематериальное стимулирование
a Ключевые слова оплата по результатам
a Ключевые слова организационное стимулирование
a Ключевые слова профессиональное стимулирование
a Ключевые слова Россия
a Ключевые слова стимулирование результативности
a Ключевые слова теория обмена дарами
a Ключевые слова управление результативностью
a Ключевые слова эффективность государственных органов
a Ключевые слова эффективность государственных служащих
a Ключевые слова эффективность управления
773 t Заглавие источника Вопросы государственного и муниципального управления
d Дата издания источника 2011
g Прочая информация № 4. - С. 16 - 27 : табл., граф.
w Контрольный № источника RU/IS/BASE/382275378
901 t Тип документа b